000 00310nam a22001337a 4500
008 170322b xxu||||| |||| 00| 0 eng d
020 _a9780803971394
041 _aeng
080 _a616.8
100 _a7
101 _aSHM
245 _aMENTAL HEALTH POLICY AND PRACTICE TODAY
_cWATKINS, T.R
942 _2udc
_cBK
999 _c8385
_d8385